| 000 | 00777nam a2200217Ia 4500 | ||
|---|---|---|---|
| 005 | 20240530110949.0 | ||
| 008 | 140319s2008 xx 000 0 ara d | ||
| 020 | _a9770813885 | ||
| 040 |
_aGCL / _cGCL |
||
| 082 | 0 | 4 |
_a922.1 / _bل م |
| 100 | 1 | _aلوتس عبدالكريم | |
| 245 | 1 | 0 |
_aمصطفى محمود : _bسؤال الوجود بين الدين والعلم والفلسفة / _cلوتس عبدالكريم |
| 260 |
_aالقاهرة : _bاخبار اليوم : قطاع الثقافة، _c2008 |
||
| 300 |
_a216 ص ؛ _c20 سم |
||
| 490 |
_aكتاب اليوم _v( 517 ) |
||
| 650 | 0 | 4 | _aمصطفى محمود |
| 650 | 0 | 4 | _aالوجود |
| 650 | 0 | 4 | _aالعلم والفلسفة |
| 942 |
_2ddc _cBK |
||
| 999 |
_c66963 _d66963 |
||